| Tag |
First Indicator |
Second Indicator |
Subfields |
| LEADER |
00000cam a2200000Mu 4500 |
| 001 |
in00005492575 |
| 006 |
m o d |
| 007 |
cr |n||||||||| |
| 008 |
170208s2017 xx o 000 0 eng d |
| 005 |
20240923170109.3 |
| 035 |
|
|
|a (OCoLC)ocn972573315
|
| 040 |
|
|
|a COO
|b eng
|c COO
|d VT2
|d UAB
|d OCLCO
|d SGPBL
|d OCLCF
|d OCLCQ
|d AGL
|d OCLCO
|
| 019 |
|
|
|a 974308636
|
| 020 |
|
|
|a 9781526409904
|
| 020 |
|
|
|a 1526409909
|
| 035 |
|
|
|a (OCoLC)972573315
|z (OCoLC)974308636
|
| 050 |
|
4 |
|a HF5384
|b .H36 2017
|
| 070 |
0 |
|
|a HF5384
|b .H36 2017
|
| 082 |
0 |
4 |
|a 650.14
|
| 049 |
|
|
|a TXAM
|
| 100 |
1 |
|
|a Hanington, Linda Mary,
|e author.
|
| 245 |
1 |
0 |
|a Exploring the transitions of career change teachers using a case study method /
|c Linda Mary Hanington.
|
| 260 |
|
|
|a [Place of publication not identified]
|b Sage Publications Ltd,
|c 2017.
|
| 300 |
|
|
|a 1 online resource
|
| 336 |
|
|
|a text
|b txt
|2 rdacontent
|
| 337 |
|
|
|a computer
|b c
|2 rdamedia
|
| 338 |
|
|
|a online resource
|b cr
|2 rdacarrier
|
| 500 |
|
|
|a Title from content provider.
|
| 520 |
8 |
|
|a This case study formed the basis of the dissertation component of my Doctor in Education which I completed in 2016. The study was based on the insights of 15 career change teachers during their initial teacher preparation program and explored aspects of their transitions from their previous careers into teaching. The main research instrument comprised two interviews at different stages in the participants transitions. Much has been written about the case study as a research methodology, so this account focuses on just two main aspects I found particularly critical to the conduct of my study. The first aspect relates to the practical challenges of mounting a case study in an educational setting, particularly in terms of recruiting and retaining the study participants. The second considers the value of drawing on work done by previous researchers. Finally, this account illustrates how wonderfully generous those who participate in a case study can be with their sharing of experiences and insights.
|
| 650 |
|
0 |
|a Career changes
|x Research
|v Case studies.
|
| 650 |
|
0 |
|a Teachers
|x Research
|v Case studies.
|
| 650 |
|
6 |
|a Secondes carrières
|x Recherche
|v Études de cas.
|
| 650 |
|
6 |
|a Enseignants
|x Recherche
|v Études de cas.
|
| 650 |
|
7 |
|a Teachers
|x Research.
|2 fast
|0 (OCoLC)fst01144359
|
| 655 |
|
7 |
|a Case studies.
|2 fast
|0 (OCoLC)fst01423765
|
| 856 |
4 |
0 |
|u http://proxy.library.tamu.edu/login?url=https://methods.sagepub.com/case/transitions-career-change-teachers-using-case-study-method
|z Connect to the full text of this electronic book
|t 0
|
| 955 |
|
|
|a SAGE eBooks
|
| 955 |
|
|
|a SAGE Research Methods Cases 2
|
| 994 |
|
|
|a 92
|b TXA
|
| 999 |
f |
f |
|s d5570e30-db23-454d-9f28-d8e2e9405ba1
|i 8b7389c1-57f0-44d0-b9da-2b3c09816fbf
|t 0
|
| 952 |
f |
f |
|a Texas A&M University
|b College Station
|c Electronic Resources
|d Available Online
|t 0
|e HF5384 .H36 2017
|h Library of Congress classification
|
| 998 |
f |
f |
|a HF5384 .H36 2017
|t 0
|l Available Online
|